Bribery Bill warning for directors (Record no. 82405)

MARC details
000 -LEADER
fixed length control field 00804cam a22002055a 4500
001 - CONTROL NUMBER
control field L150119
008 - FIXED-LENGTH DATA ELEMENTS--GENERAL INFORMATION
fixed length control field 100604e2010 xxk 000 0 eng d
035 ## - SYSTEM CONTROL NUMBER
System control number (Sirsi) u150119
041 0# - LANGUAGE CODE
Language code of text/sound track or separate title eng
100 1# - MAIN ENTRY--PERSONAL NAME
Personal name Lewis, Mark
245 00 - TITLE STATEMENT
Title Bribery Bill warning for directors
Remainder of title law rushed through Parliament could see bosses prosecuted for 'failure to prevent bribery'
260 ## - PUBLICATION, DISTRIBUTION, ETC.
Date of publication, distribution, etc. 2010
490 ## - SERIES STATEMENT
Series statement Construction News
Volume/sequential designation 7163 15 April 2010, 14(1)
520 ## - SUMMARY, ETC.
Summary, etc. Lawyers warn directors of construction firms to radically re-organise their businesses to ensure they adhere to the new legislation; key facts summary of the Bribery Act
590 ## - LOCAL NOTE (RLIN)
Local note KA
651 #4 - SUBJECT ADDED ENTRY--GEOGRAPHIC NAME
Geographic name United Kingdom
Chronological subdivision
690 ## - LOCAL SUBJECT ADDED ENTRY--TOPICAL TERM (OCLC, RLIN)
Topical term or geographic name as entry element BRIBERY
690 ## - LOCAL SUBJECT ADDED ENTRY--TOPICAL TERM (OCLC, RLIN)
Topical term or geographic name as entry element BUILT ENVIRONMENT-CONSTRUCTION MANAGEMENT-BUILDING CONTRACT ADMINISTRATION
942 ## - ADDED ENTRY ELEMENTS (KOHA)
Suppress in OPAC 0
Holdings
Withdrawn status Lost status Source of classification or shelving scheme Damaged status Not for loan Home library Current library Shelving location Date acquired Total Checkouts Full call number Barcode Date last seen Copy number Price effective from Koha item type
    Dewey Decimal Classification     London London Journal article 04/06/2010   L150119 150119-1001 06/08/2019 1 06/08/2019 Journal article